000 00852nam a22002537a 4500
005 20170123162344.0
010 _a397914
020 _c5.00
035 _a397914
037 _bCen Lib/Ret
040 _aDPL
_bUR
082 _a950
_bا س ر
100 _aاسرار احمد آزاد
_9376
245 _aایشیا میں آخری نو آبادیات /
_cاسرار احمد آزاد
246 _aAsia mein no abadiat /
_bby Israr Ahmad Azad
260 _aدہلی
_bمکتبہ برہان
_c1965
270 _bدہلی
_aاردو بازار جامہ مسجد
_e110006
300 _a382p.
_c17cm(Hb)
650 _a تاریخ - ایشیا
_9400
650 _a الاستعمار - ایشیا
_9410
650 _aHistory -- Asia
_9129771
650 _aColonisation -- Asia
_9129772
942 _2ddc
_h950
_cUR
_mا س ر
999 _c108735
_d108735